Defunct Australian Football Teams From All 4 Codes - Statistics

General Stats
  • This quiz has been taken 25 times
  • The average score is 9 of 20
Answer Stats
Group Years Answer % Correct
Australian Rules / AFL / (VFL) 1883-1996 Fitzroy Lions
85%
Australian Rules / AFL / (VFL) 1877-1982 South Melbourne Swans
75%
Australian Rules / AFL / (VFL) 1986-1996 Brisbane Bears
70%
Rugby Union / Super Rugby 2006-2017 Western Force
65%
Rugby League / NRL / ARL 1980-1998 Illawarra Steelers
55%
Rugby League / NRL / ARL 1920-1998 St. George Dragons
55%
Rugby League / NRL / ARL 1908-2000 Balmain Tigers
50%
Rugby League / NRL / ARL 1908-1999 North Sydney Bears
50%
Rugby League / NRL / ARL 1908-2000 Western Suburbs Magpies
50%
Rugby Union / Super Rugby 2011-2018 Melbourne Rebels
45%
Soccer / A-League 2005-2007 New Zealand Knights
45%
Soccer / A-League 2009-2011 North Queensland Fury
45%
Rugby League / NRL / ARL 1995-1997 Western Reds
45%
Soccer / A-League 2009-2012 Gold Coast United
40%
Rugby League / NRL / ARL 1908-1983 Newtown Jets
40%
Rugby League / NRL / ARL 1995-1997 South Queensland Crushers
35%
Rugby League / NRL / ARL 1990-1995 Gold Coast Seagulls
30%
Rugby League / NRL / ARL 1996-1998 Gold Coast Chargers
25%
Rugby League / NRL / ARL 2000-2002 Northern Eagles
25%
Rugby League / NRL / ARL 1998-1999 Gold Coast-Tweed Giants
15%
No matching quizzes found
Score Distribution
Percent of People with Each Score
Percentile by Number Answered
Your Score History
You have not taken this quiz